[Event "Vilnius"]
[Site "Vilnius"]
[Date "1988.??.??"]
[Round "?"]
[White "Malisauskas, Vidmantas"]
[Black "Shabalov, Alexander"]
[Result "1-0"]
[WhiteElo "2390"]
[BlackElo "2400"]

1.e4 e6 2.d4 d5 3.Nd2 Nf6 4.e5 Nfd7 5.Bd3 c5 6.c3 b6 7.Ne2 Ba6 8.Bxa6 Nxa6
9.O-O b5 10.f4 g6 11.Nf3 Be7 12.g4 h5 13.h3 Qb6 14.Kg2 b4 15.Bd2 Qb5 16.Ng3 Nb6
17.gxh5 gxh5 18.h4 Nc4 19.Qc2 bxc3 20.bxc3 Rb8 21.Rf2 Qa5 22.Qd3 Qa3 23.Bc1 Qa5
24.f5 cxd4 25.fxe6 fxe6 26.Qg6+ Kd7 27.Nxd4 Nc5 28.Rf7 Rbe8 29.Bg5 Nxe5 30.Rxe7+ Rxe7
31.Qf6 Rf7 32.Qxh8 Ncd3 33.Rb1 Rf2+ 34.Kh3 Nc6 35.Rb7+ Kd6 36.Be7+  1-0

[Event "Vilnius"]
[Site "Vilnius"]
[Date "1988.??.??"]
[Round "?"]
[White "Serper, Grigory"]
[Black "Shabalov, Alexander"]
[Result "0-1"]
[WhiteElo "2450"]
[BlackElo "2400"]

1.e4 e6 2.d4 d5 3.Nd2 Nf6 4.e5 Nfd7 5.f4 c5 6.Ngf3 Nc6 7.c3 Be7 8.Be2 Rb8
9.O-O b5 10.dxc5 Nxc5 11.Nd4 Nxd4 12.cxd4 Ne4 13.Bd3 Nxd2 14.Bxd2 f5 15.exf6 Bxf6
16.Be3 O-O 17.Qd2 Bd7 18.Rac1 g6 19.Rc2 Qb6 20.Be2 Rbc8 21.Rfc1 Rxc2 22.Rxc2 Rc8
23.Rc5 Be7 24.b4 Qa6 25.Rxc8+ Qxc8 26.a3 a5 27.bxa5 Bxa3 28.Qa2 Qc3 29.Qd2 Qa1+
30.Kf2 Bd6 31.Qe1 Qa3 32.Bd2 Qa4 33.Bg4 Kf7 34.Qd1 Qxd4+ 35.Be3 Qb2+ 36.Qd2 Qa3
37.f5 gxf5 38.Bh5+ Kg8 39.Bd4 f4  0-1

[Event "Vilnius"]
[Site "Vilnius"]
[Date "1988.??.??"]
[Round "?"]
[White "Gelfand, Boris"]
[Black "Shabalov, Alexander"]
[Result "1/2-1/2"]
[WhiteElo "2505"]
[BlackElo "2400"]

1.e4 e6 2.d4 d5 3.Nd2 Nf6 4.e5 Nfd7 5.Bd3 c5 6.c3 b6 7.Qg4 Ba6 8.Bxa6 Nxa6
9.Ne2 b5 10.Nf4 Qb6 11.Nf3 h6 12.O-O c4 13.Nh5 Rh7 14.Bd2 Nc7 15.b3 Qc6 16.Rfb1 a5
17.Nf4 Nb6 18.Ng6 Ba3 19.Ne1 b4 20.Nc2 cxb3 21.Rxb3 Nc4 22.Be1 Bb2 23.Rb1 bxc3
24.Bxc3 a4 25.Rb4 a3 26.Nxa3 Bxa3 27.Rb8+ Rxb8 28.Rxb8+ Kd7 29.Qf3 fxg6 30.Qf7+ Be7
31.g3 Nxe5 32.dxe5 Qxc3 33.Qg8 Qxe5 34.Qc8+ Kc6 35.Qb7+ Kd7 36.Qc8+ Kd6 37.Rb6+ Kc5
38.Qb7 Qe1+ 39.Kg2 Qe4+ 40.Kg1 Qe1+ 41.Kg2 Qe4+ 42.Kg1 Kd4 43.Qxc7 Qe1+ 44.Kg2 Qe4+
45.Kg1 Qe1+ 46.Kg2 Bb4 47.Qa7 Qe4+ 48.Kg1 Qe1+ 49.Kg2 Qe4+ 50.Kg1 Kd3 51.Qa4 Bd2
52.Qb5+ Qc4 53.Qb1+ Qc2 54.Qb5+ Qc4 55.Qb1+ Kd4 56.Qxg6 Qd3 57.Qxe6 Qe4 58.Qd7 Qe1+
59.Kg2 Qe4+ 60.Kg1 g5 61.Qa4+ Kd3 62.Qb5+ Qc4 63.Qb1+ Qc2 64.Qb5+ Ke4 65.Qe2+ Kd4
66.Rb4+ Kc5 67.Rb5+ Kd4 68.Rb4+ Kc5 69.Rb5+ Kd4  1/2-1/2

[Event "GMA-qual"]
[Site "Belgorod"]
[Date "1989.??.??"]
[Round "?"]
[White "Shabalov, Alexander"]
[Black "Vepkhvishvili, Varlam"]
[Result "1-0"]
[WhiteElo "2425"]
[BlackElo "2210"]

1.d4 Nf6 2.c4 g6 3.Nc3 Bg7 4.e4 d6 5.h3 O-O 6.Be3 e5 7.d5 Nbd7 8.Nf3 a5 9.Nd2 Nc5
10.g4 Bd7 11.Be2 a4 12.h4 Bxg4 13.Bxg4 Nd3+ 14.Ke2 Nxb2 15.Qc2 Nxc4 16.Nxc4 Nxg4
17.h5 Qd7 18.Qb2 Nf6 19.h6 Bh8 20.Qxb7 Rfb8 21.Qc6 Qxc6 22.dxc6 Ra6 23.Rab1 Re8
24.Rb4 Rxc6 25.Rxa4 Ng4 26.Nd5 f5 27.Bg5 Kf7 28.Rc1 Ke6 29.Ra7 fxe4 30.Nxc7+ Rxc7
31.Rxc7 Ra8 32.Rc2 d5 33.Nb6 Ra6 34.R7c6+ Kf5 35.Nxd5 Rxc6 36.Rxc6 Kxg5 37.a4 Nxh6
38.Ne3 Nf5 39.Nxf5 Kxf5 40.a5  1-0

[Event "GMA-qual"]
[Site "Belgorod"]
[Date "1989.??.??"]
[Round "?"]
[White "Moroz, Alexander"]
[Black "Shabalov, Alexander"]
[Result "0-1"]
[WhiteElo "2345"]
[BlackElo "2425"]

1.e4 Nf6 2.e5 Nd5 3.d4 d6 4.Nf3 Bg4 5.Be2 e6 6.O-O Be7 7.h3 Bh5 8.c4 Nb6
9.Nc3 O-O 10.Be3 a5 11.b3 d5 12.c5 N6d7 13.a3 c6 14.Nd2 Bg6 15.Na4 Na6 16.f4 b6
17.g4 f6 18.exf6 Bxf6 19.Bxa6 Rxa6 20.cxb6 Ra8 21.Rc1 Nxb6 22.Nc5 Qe8 23.a4 Nd7
24.Nxd7 Qxd7 25.Nf3 Be4 26.g5 Be7 27.Ne5 Qb7 28.Nxc6 Ba3 29.Ra1 Bd6 30.Rc1 Rfc8
31.Ne5 Rxc1 32.Bxc1 Rc8 33.Qh5 Qxb3 34.Qg4 Bf5 35.Qf3 Qxa4 36.Be3 Qb3 37.Re1 a4
38.Qh5 Bxe5 39.dxe5 d4 40.Bf2 d3 41.Be3 a3  0-1

[Event "GMA-qual"]
[Site "Belgorod"]
[Date "1989.??.??"]
[Round "?"]
[White "Meister, Yakov"]
[Black "Shabalov, Alexander"]
[Result "0-1"]
[WhiteElo "2400"]
[BlackElo "2425"]

1.Nf3 c5 2.e4 e6 3.d4 cxd4 4.Nxd4 Nf6 5.Nc3 d6 6.Bc4 Be7 7.Be3 O-O 8.Bb3 Na6
9.g4 Nc5 10.Qf3 b5 11.Nc6 Qc7 12.Nxe7+ Qxe7 13.e5 Qb7 14.Qxb7 Bxb7 15.Rg1 Nxb3
16.axb3 dxe5 17.Nxb5 Be4 18.c4 Rfd8 19.Ke2 Bc2 20.Rgc1 Bd3+ 21.Kf3 a6 22.Nc7 Rab8
23.Ra3 Be4+ 24.Kg3 Bb7 25.Nxa6 Ne4+ 26.Kh3 Bxa6 27.Rxa6 Rxb3 28.Kg2 Rxb2
29.c5 Nf6 30.c6 Kf8 31.Bg5 Rc8 32.Bxf6 gxf6 33.Ra7 Kg7 34.Rd1 Rc2 35.Rdd7 Rf8
36.c7 Kg6 37.Kf3 Rc4 38.Ke3 h5 39.gxh5+ Kxh5 40.Kd3 Rc5 41.Ke2 Kg6 42.Ra3 Rc8
43.Rg3+ Kf5 44.Rf3+ Kg6 45.Rg3+ Kf5 46.Rxf7 e4 47.h4 Ke5 48.Rg6 f5 49.Re7 Kf4
50.Rexe6 R8xc7 51.Kf1 Rc2 52.h5 R7c3 53.Kg1 Rf3 54.Rg2 Rh3 55.Rh2 Rxh2 56.Kxh2 Rxf2+
57.Kg1 Kf3 58.Rf6 Rg2+ 59.Kf1 Rg5 60.h6 e3 61.Re6 f4  0-1

[Event "GMA-qual"]
[Site "Belgorod"]
[Date "1989.??.??"]
[Round "?"]
[White "Shabalov, Alexander"]
[Black "Purgin, Nikolaj"]
[Result "1-0"]
[WhiteElo "2425"]
[BlackElo "2285"]

1.d4 Nf6 2.c4 e6 3.Nc3 Bb4 4.Qc2 c5 5.dxc5 Na6 6.a3 Bxc3+ 7.Qxc3 Nxc5 8.f3 a5
9.e4 O-O 10.Be3 b6 11.Ne2 Bb7 12.Nd4 Rc8 13.Be2 Nfxe4 14.fxe4 Nxe4 15.Qc2 Qh4+
16.Kf1 Ng3+ 17.Kg1 Nxh1 18.Kxh1 d5 19.Nf3 Qe7 20.Bxb6 dxc4 21.Bxa5 Qf6 22.Bc3 Qg6
23.Qa4 Qe4 24.Re1 Rfd8 25.Qb5 Bd5 26.Qb6 f6 27.Bf1 Qg4 28.Qe3 e5 29.a4 e4
30.Ng1 Qe6 31.a5 Bb7 32.Nh3 Qc6 33.Nf4 Re8 34.Be2 Qc5 35.Qxc5 Rxc5 36.Rd1 Rc7
37.Rd4 Rec8 38.Nd5 Bxd5 39.Rxd5 Rc6 40.g4 g6 41.Rd7 f5 42.g5 f4 43.Re7 e3
44.Kg2 Rc5 45.h4 Rf5 46.Kf3 Rd8 47.Bxc4+ Kf8 48.Bb4  1-0

[Event "GMA-qual"]
[Site "Belgorod"]
[Date "1989.??.??"]
[Round "?"]
[White "Shabalov, Alexander"]
[Black "Basin, Leonid"]
[Result "0-1"]
[WhiteElo "2425"]
[BlackElo "2455"]

1.e4 c5 2.Nf3 d6 3.d4 cxd4 4.Nxd4 Nf6 5.Nc3 g6 6.Be3 Bg7 7.f3 Nc6 8.Bc4 O-O
9.Qd2 Bd7 10.h4 Ne5 11.Bb3 h5 12.O-O-O Rc8 13.Bg5 Rc5 14.Kb1 b5 15.g4 a5
16.gxh5 Nxh5 17.f4 Nc4 18.Qd3 a4 19.Bxc4 bxc4 20.Qd2 Qb6 21.Nd5 Rxd5 22.exd5 Rb8
23.c3 a3 24.b4 cxb3 25.axb3 Bxd4 26.cxd4 Bf5+ 27.Ka1 Qxb3 28.Rh2 a2 29.Rhh1 Bc2  0-1

[Event "Leningrad-chT"]
[Site "Leningrad"]
[Date "1989.??.??"]
[Round "?"]
[White "Shabalov, Alexander"]
[Black "Timoshchenko, Gennadi A"]
[Result "1-0"]
[WhiteElo "2470"]
[BlackElo "2500"]

1.e4 c5 2.Nf3 d6 3.d4 cxd4 4.Nxd4 Nf6 5.Nc3 Nc6 6.Bg5 e6 7.Qd2 a6 8.O-O-O h6
9.Be3 Be7 10.f4 Nxd4 11.Bxd4 b5 12.Bd3 Bb7 13.Qe2 Qa5 14.Kb1 b4 15.e5 dxe5
16.fxe5 Nd5 17.Ne4 Nf4 18.Qf3 Nxd3 19.Nf6+ Bxf6 20.Qxb7 O-O 21.exf6 b3 22.Qxb3 Nf4
23.fxg7 Rfc8 24.Rhf1 e5 25.Bb6 Qb5 26.g3 Qxb3 27.axb3 Rab8 28.Be3 Ne6 29.Rd7 Nd8  1-0

[Event "Leningrad-chT"]
[Site "Leningrad"]
[Date "1989.??.??"]
[Round "?"]
[White "Orlov, Georgi"]
[Black "Shabalov, Alexander"]
[Result "1-0"]
[WhiteElo "2515"]
[BlackElo "2470"]

1.d4 f5 2.Nf3 Nf6 3.g3 g6 4.b3 Bg7 5.Bb2 O-O 6.Bg2 c6 7.O-O d6 8.Nbd2 Nbd7
9.e3 Qc7 10.Ng5 Nb6 11.c4 h6 12.Ngf3 Be6 13.Rc1 Bf7 14.Qc2 Nbd7 15.Rfe1 e5
16.dxe5 dxe5 17.e4 f4 18.gxf4 Nh5 19.f5 Nf4 20.Bf1 Rae8 21.Re3 Nf6 22.h3 Kh8
23.Kh1 c5 24.Rce1 Nd7 25.Nb1 Nb8 26.Nc3 Nc6 27.Nd5 Nxd5 28.exd5 Nd4 29.Qd2 g5
30.Bg2 Bh5 31.Qd3 Bxf3 32.Bxf3 Nxf5 33.d6 Qxd6 34.Qxd6 Nxd6 35.Bh5 Rxf2 36.Bxe8 Rxb2
37.Bg6 Rxa2 38.Rd3 Ra6 39.Rd5 Bf8 40.Rdxe5 Kg7 41.Re6 Ra2 42.Rf1 Rd2 43.Bh5 Kg8
44.Rff6 Rd3 45.Bf3 Kg7 46.Bd5 Rxh3+ 47.Kg2 g4 48.Rg6+ Kh7 49.Rxg4 Rh5 50.Rf6 Be7
51.Be4+ Kh8 52.Rfg6 Rg5 53.Rxh6+ Kg7 54.Rxg5+ Kxh6 55.Rg6+ Kh5 56.Bd3 a6
57.Re6 Nc8 58.Be4  1-0

[Event "Leningrad-chT"]
[Site "Leningrad"]
[Date "1989.??.??"]
[Round "?"]
[White "Malevinsky, Alexander A"]
[Black "Shabalov, Alexander"]
[Result "1-0"]
[WhiteElo "2385"]
[BlackElo "2470"]

1.e4 e6 2.d4 d5 3.Nc3 Nf6 4.Bg5 Bb4 5.exd5 Qxd5 6.Bxf6 Bxc3+ 7.bxc3 gxf6
8.Nf3 Qa5 9.Qd3 b6 10.Qb5+ Qxb5 11.Bxb5+ Ke7 12.Nh4 Bb7 13.f3 Rc8 14.O-O-O Kf8
15.Bd3 c5 16.Be4 Bxe4 17.fxe4 cxd4 18.cxd4 Rc4 19.Rhf1 Ke7 20.Rf3 Nd7 21.Ra3 a5
22.Rb3 a4 23.Rb5 Rg8 24.g3 Rg5 25.Rb2 Ra5 26.Rd3 Ra8 27.Kd2 Rac8 28.c3 Kf8
29.Ng2 e5 30.Ne3 R4c7 31.Rb4 exd4 32.cxd4 Rc1 33.Rxa4 Rh1 34.Nf5 Rxh2+ 35.Ke3 b5
36.Ra6 Rb8 37.Rc3 Ke8 38.Rc7 b4 39.Raa7 Rd8 40.Nd6+ Ke7 41.Nb7 Rg8 42.Nc5 Rxg3+
43.Kf4 Rg6 44.Rxd7+ Kf8 45.Ne6+  1-0

[Event "Leningrad-chT"]
[Site "Leningrad"]
[Date "1989.??.??"]
[Round "?"]
[White "Levin, Felix"]
[Black "Shabalov, Alexander"]
[Result "0-1"]
[WhiteElo "2305"]
[BlackElo "2470"]

1.d4 f5 2.g3 Nf6 3.Bg2 g6 4.Nh3 Bg7 5.Nf4 e6 6.c3 c6 7.Nd2 d6 8.Nd3 Qc7 9.e4 e5
10.dxe5 dxe5 11.exf5 Bxf5 12.Nc5 Nbd7 13.Nce4 O-O-O 14.O-O h5 15.h4 Bh6 16.Qe2 Bxd2
17.Bxd2 Nxe4 18.Bxe4 Nc5 19.Bxf5+ gxf5 20.Bg5 Rde8 21.Qe3 b6 22.a4 Ne4 23.a5 b5
24.f4 Rhg8 25.Kh2 exf4 26.Bxf4 Qf7 27.Qd4 Rg4 28.Rf3 Qe7 29.Raf1 Rd8 30.Qe5 Qxe5
31.Bxe5 Nd2 32.Rxf5 Nxf1+ 33.Rxf1 Re4 34.Rf5 Rd5 35.Rf8+ Kb7 36.Bf4 Re2+
37.Kh3 Rxb2 38.Rf6 Rd1  0-1

[Event "Podolsk GMA-qual"]
[Site "Podolsk"]
[Date "1989.??.??"]
[Round "?"]
[White "Shabalov, Alexander"]
[Black "Ruban, Vadim"]
[Result "1/2-1/2"]
[WhiteElo "2470"]
[BlackElo "2515"]

1.e4 c5 2.Nf3 d6 3.d4 cxd4 4.Nxd4 Nf6 5.Nc3 Nc6 6.Bg5 e6 7.Qd2 a6 8.O-O-O h6
9.Be3 Nxd4 10.Bxd4 b5 11.Qe3 Bd7 12.e5 dxe5 13.Qxe5 Qb8 14.Qxb8+ Rxb8 15.Bxf6 gxf6
16.Ne4 Bg7 17.Rd6 Bc8 18.Be2 f5 19.Nc5 Bf8 20.Rc6 Bxc5 21.Rxc5 Bb7 22.Rc7 O-O
23.Rd1 Bd5 24.Bf3 Bxf3 25.gxf3 Rb6 26.c3 Kg7 27.Kc2 e5 28.b3 Kf6 29.Rd5 Rg8
30.c4 bxc4 31.bxc4 Rg2 32.Rd2 Rxh2 33.c5 Rb4 34.a3 Rf4 35.c6 Ke6 36.Rc8 Rc4+
37.Kb3 Rhh4 38.Re8+ Kf6 39.Rd6+ Kg7 40.Rxe5 Rc1 41.Rxf5  1/2-1/2

[Event "Podolsk GMA-qual"]
[Site "Podolsk"]
[Date "1989.??.??"]
[Round "?"]
[White "Shabalov, Alexander"]
[Black "Giorgadze, Giorgi"]
[Result "1/2-1/2"]
[WhiteElo "2470"]
[BlackElo "2470"]

1.c4 e6 2.g3 d5 3.Bg2 g6 4.Nf3 Bg7 5.O-O Ne7 6.d4 Nbc6 7.e3 O-O 8.Nbd2 a5
9.b3 b6 10.Bb2 Ba6 11.Qb1 Qd7 12.Rd1 Rfd8 13.e4 Qe8 14.exd5 exd5 15.Re1 Qf8
16.Ne5 Rab8 17.cxd5 Nb4 18.Ne4 f6 19.Nc6 Nbxc6 20.dxc6 Bb5 21.Nc3 Bxc6 22.Bxc6 Nxc6
23.Nb5  1/2-1/2

[Event "Podolsk GMA-qual"]
[Site "Podolsk"]
[Date "1989.??.??"]
[Round "?"]
[White "Shabalov, Alexander"]
[Black "Bilunov, B."]
[Result "1-0"]
[WhiteElo "2470"]
[BlackElo "2420"]

1.e4 c6 2.d4 d5 3.e5 Na6 4.Nc3 Nc7 5.Be3 Bf5 6.g4 Bg6 7.Nge2 f6 8.Nf4 Bf7
9.Nd3 e6 10.exf6 gxf6 11.Qf3 e5 12.dxe5 d4 13.Ne4 dxe3 14.O-O-O Qd5 15.Qxe3 O-O-O
16.Nc3 Qd4 17.Qxd4 Rxd4 18.Bh3 Be6 19.Ne2 Ra4 20.b3 Re4 21.Ng3 Bh6+ 22.Kb1 Rxe5
23.Nxe5 fxe5 24.Rd6 Bf8 25.Rdd1 Nf6 26.Rde1 h5 27.g5 Bxh3 28.gxf6 h4 29.Ne4 Bg2
30.Rhg1 h3 31.Ng5 e4 32.Nxe4 Rh5 33.f7 Rf5 34.Ng5 Kd7 35.Rd1+ Nd5 36.f4 Ke7
37.Rge1+ Kf6 38.Re8 Bc5 39.f8=Q+ Bxf8 40.Rxf8+ Kg6 41.Rg8+ Kh6 42.Re1 Nxf4
43.Ne6 Ng6 44.Re3 Rf6 45.Kb2 b6 46.a4 a5 47.Rb8 Kh5 48.Rxb6 Nh4 49.Nd4 Rf2
50.Ra6 Bf1 51.Rxa5+ Kg4 52.Rg3+ Kf4 53.Ne6+  1-0

[Event "Podolsk GMA-qual"]
[Site "Podolsk"]
[Date "1989.??.??"]
[Round "?"]
[White "Malisauskas, Vidmantas"]
[Black "Shabalov, Alexander"]
[Result "1/2-1/2"]
[WhiteElo "2520"]
[BlackElo "2470"]

1.e4 c5 2.Nf3 d6 3.d4 cxd4 4.Nxd4 Nf6 5.Nc3 a6 6.Bd3 g6 7.O-O Bg7 8.Kh1 O-O
9.f4 b5 10.Qe1 Bb7 11.Nf3 Nbd7 12.a3 Rc8 13.Bd2 Nc5 14.b4 Ncd7 15.a4 bxa4
16.Nxa4 d5 17.e5 Ne4 18.Be3 g5 19.fxg5 Nxe5 20.Nxe5 Bxe5 21.Rd1 Qc7 22.Nc5 Qc6
23.Qh4 f5 24.gxf6 Bxf6 25.Qh5 Rc7 26.Bf4 e5 27.Bxe4 dxe4 28.Bxe5 e3 29.Nxb7 Rg7
30.Rg1 Bxe5 31.Qxe5 Rxb7 32.Qxe3 Qxc2 33.Qe6+ Kh8 34.Qe5+ Rg7 35.h3 Qc6 36.Rd6 Qb7
37.Qd4 Rb8 38.Qc4 Qb5 39.Qd4 Qb7 40.Rd5 Re8 41.Rg5 h6 42.Rg3 Kh7 43.Rxg7+ Qxg7
44.Qd3+ Qg6 45.Qd7+ Kh8 46.Rc1 Rg8 47.Qd5 Qf6 48.Qe4 Qg6 49.Qe5+ Rg7 50.Qd5 Qg3
51.Rc8+ Kh7 52.Qe4+ Qg6 53.Qa8 Qe6 54.Rh8+ Kg6 55.Re8 Qc4 56.Re1 Kh7 57.Qf3 Rf7
58.Qa3 Rf1+ 59.Rxf1 Qxf1+ 60.Kh2 Qf4+ 61.Kg1 Qd4+  1/2-1/2

[Event "Podolsk GMA-qual"]
[Site "Podolsk"]
[Date "1989.??.??"]
[Round "?"]
[White "Shabalov, Alexander"]
[Black "Kharitonov, Andrei Y"]
[Result "1/2-1/2"]
[WhiteElo "2470"]
[BlackElo "2505"]

1.d4 d5 2.Nf3 Nf6 3.Bf4 c6 4.e3 Bf5 5.Bd3 Bg6 6.O-O e6 7.Bxg6 hxg6 8.Nbd2 Nbd7
9.Ne5 Be7 10.Nxd7 Qxd7  1/2-1/2

[Event "URS-ch U26"]
[Site "Tbilisi"]
[Date "1989.??.??"]
[Round "?"]
[White "Shirov, Alexei"]
[Black "Shabalov, Alexander"]
[Result "1/2-1/2"]
[WhiteElo "2450"]
[BlackElo "2425"]

1.Nf3 e6 2.g3 b5 3.Bg2 Bb7 4.O-O c5 5.d3 d6 6.e4 Nd7 7.b3 Be7 8.Bb2 Ngf6
9.Na3 Qb6 10.c4 a6 11.Nh4 O-O 12.f4 Rad8 13.Qe2 Nb8 14.g4 Nc6 15.g5 Nd7 16.Nc2 Rfe8
17.Rf3 bxc4 18.dxc4 Nd4 19.Nxd4 cxd4 20.Kh1 g6 21.Rh3 Bf8 22.Qf2 Bg7 23.Re1 Qa5
24.Ba1 Nc5 25.e5 Bxg2+ 26.Nxg2 dxe5 27.fxe5 d3 28.Rf1 Rd7 29.Qh4 h5 30.gxh6 Bf8
31.Ne3 Qd8 32.b4 Qa8+ 33.Kg1 Ne4 34.Nd5 Rxd5 35.cxd5 Qxd5 36.Qf4 Re7 37.Rd1 d2
38.Re3 Rc7 39.h7+ Kh8 40.Bb2 Qxa2 41.Rxe4 Qxb2  1/2-1/2

[Event "URS-ch U26"]
[Site "Tbilisi"]
[Date "1989.??.??"]
[Round "?"]
[White "Shabalov, Alexander"]
[Black "Ulibin, Mikhail"]
[Result "1/2-1/2"]
[WhiteElo "2425"]
[BlackElo "2445"]

1.d4 e6 2.c4 Nf6 3.Nc3 Bb4 4.Qc2 O-O 5.a3 Bxc3+ 6.Qxc3 b6 7.Bg5 Bb7 8.f3 h6
9.Bh4 d5 10.e3 Nbd7 11.Nh3 c5 12.cxd5 exd5 13.Bb5 Ne4 14.Bxd8 Nxc3 15.bxc3 Rfxd8
16.Kd2 Nf6 17.Bd3 Ne8 18.Nf4 Nd6 19.h4 Rac8 20.Rhf1 cxd4 21.cxd4 Nc4+ 22.Bxc4 Rxc4
23.g4 Rdc8 24.Ra2 g5 25.Nd3 R4c7 26.hxg5 hxg5 27.Rc1 Rxc1 28.Nxc1 Kg7 29.Rc2 Rxc2+
30.Kxc2 Kf6 31.Ne2 Ke6 32.Ng3 a5 33.Kc3 f6 34.f4 Bc6 35.Kd2 Kf7 36.f5 Ke7
37.Ne2 Bb5 38.Ng3 Bc4 39.Kc3 b5 40.Kc2 b4 41.axb4 axb4 42.Kb2  1/2-1/2

[Event "URS-ch U26"]
[Site "Tbilisi"]
[Date "1989.??.??"]
[Round "?"]
[White "Shabalov, Alexander"]
[Black "Serper, Grigory"]
[Result "1-0"]
[WhiteElo "2425"]
[BlackElo "2435"]

1.e4 c5 2.Nf3 Nc6 3.d4 cxd4 4.Nxd4 g6 5.Nc3 Bg7 6.Be3 Nf6 7.Bc4 O-O 8.Bb3 d6
9.f3 Bd7 10.Qd2 Nxd4 11.Bxd4 b5 12.O-O a5 13.a3 a4 14.Ba2 Qa5 15.Qf2 Rab8
16.e5 dxe5 17.Bc5 Rfe8 18.Ne4 Bc6 19.Rad1 Bxe4 20.fxe4 Qc7 21.c3 Ng4 22.Qxf7+ Kh8
23.Rd5 Nf6 24.Bd6 Qb6+ 25.Bc5 Qc6 26.Rxe5 Ng4 27.Rg5 Rf8 28.Qe6 Rxf1+ 29.Kxf1 Nxh2+
30.Kg1 Qc7 31.Qxe7 Qf4 32.Bd6 Nf3+ 33.gxf3 Qe3+ 34.Kh2 Qd2+ 35.Rg2 Qh6+ 36.Kg3 g5
37.Rh2  1-0

[Event "URS-ch U26"]
[Site "Tbilisi"]
[Date "1989.??.??"]
[Round "?"]
[White "Shabalov, Alexander"]
[Black "Ruban, Vadim"]
[Result "1/2-1/2"]
[WhiteElo "2425"]
[BlackElo "2420"]

1.e4 c5 2.Nf3 d6 3.d4 cxd4 4.Nxd4 Nf6 5.Nc3 Nc6 6.Bg5 e6 7.Qd2 a6 8.O-O-O h6
9.Be3 Nxd4 10.Bxd4 b5 11.Qe3 e5 12.Bb6 Qd7 13.f4 exf4 14.Qe1 Qb7 15.Bd4 Be7
16.Bd3 Bg4 17.Rd2 O-O 18.e5 dxe5 19.Qxe5 Rad8 20.Qxf4 Be6 21.h4 b4 22.Bxf6 Bxf6
23.Ne4 Be7 24.g4 Qd5 25.b3 Qd4 26.Kb1 Bd6 27.Qf2 Be5 28.Qxd4 Rxd4 29.g5 Bd5
30.Re2 h5 31.Rg1 g6 32.Nc3 Rxd3 33.Rxe5 Rxc3 34.Rxd5 Re8 35.Rd4 Re2 36.Rc1 a5
37.Kb2 Rc5 38.Rf4 Kg7 39.Rd4 Rf2 40.Re4 Rg2 41.Rf4  1/2-1/2

[Event "URS-ch U26"]
[Site "Tbilisi"]
[Date "1989.??.??"]
[Round "?"]
[White "Shabalov, Alexander"]
[Black "Neverov, Valeriy"]
[Result "0-1"]
[WhiteElo "2425"]
[BlackElo "2430"]

1.e4 e5 2.Nf3 Nc6 3.Bb5 a6 4.Ba4 Nf6 5.O-O Be7 6.Re1 b5 7.Bb3 d6 8.c3 O-O
9.h3 Nb8 10.d4 Nbd7 11.Bc2 c5 12.Bg5 Bb7 13.Nbd2 Re8 14.Nf1 h6 15.Bh4 Rc8
16.Ne3 cxd4 17.cxd4 Qb6 18.d5 Nf8 19.Nf5 Bd8 20.g4 N6h7 21.Bg3 Ng5 22.Kg2 Nxf3
23.Kxf3 g6 24.Nxh6+ Kg7 25.Nf5+ gxf5 26.gxf5 Nh7 27.Rg1 Kh8 28.Kg2 Rg8 29.Kh2 Bg5
30.Qe2 Qa5 31.Rad1 Qxa2 32.Bd3 Qb3 33.Qh5 Rg7 34.h4 Bf6 35.Qe2 Qb4 36.Rc1 Qa5
37.Rxc8+ Bxc8 38.Rc1 Bb7 39.Kh3 Bd8 40.f4 Bf6 41.Qf2 Qd8 42.Qa7 exf4 43.Bxf4 Bxh4
44.Rg1 Ng5+ 45.Bxg5 Bxg5 46.Rg4 Bf6 47.Be2 Rxg4 48.Bxg4 Be5 49.b4 Qc8 50.Qf2 Qc3+
51.Bf3 Bf6 52.Kg4 Kg7 53.Kh3 Kf8  0-1

[Event "URS-ch U26"]
[Site "Tbilisi"]
[Date "1989.??.??"]
[Round "?"]
[White "Anastasian, Ashot"]
[Black "Shabalov, Alexander"]
[Result "1-0"]
[WhiteElo "2475"]
[BlackElo "2425"]

1.d4 d5 2.c4 c6 3.Nc3 Nf6 4.Nf3 e6 5.cxd5 exd5 6.Bf4 Bf5 7.e3 Nbd7 8.Nh4 Be4
9.Bd3 g6 10.Be2 Nh5 11.Bg3 Nxg3 12.hxg3 Bd6 13.Nf3 Qe7 14.Nxe4 Qxe4 15.Qb3 Rb8
16.O-O-O Qe7 17.Rh4 Nf6 18.Bd3 Rc8 19.Rdh1 Kd8 20.g4 c5 21.dxc5 Rxc5+ 22.Kb1 Ne4
23.Bxe4 Qxe4+ 24.Ka1 Kd7 25.g5 Qc2 26.Qxc2 Rxc2 27.Rf1 Rc4 28.Rh3 f6 29.Rfh1 Ke6
30.Nd4+ Ke5 31.Kb1 Rc7 32.Rh6 fxg5 33.Rxg6 hxg6 34.Rxh8 g4 35.Rh4 Bc5 36.Rxg4 Bxd4
37.Rxd4 g5 38.b3 Rf7 39.Rd2 Rc7 40.Kb2 a6 41.Rc2 Rf7 42.Kc3 Ke4 43.Rd2 Rc7+
44.Kb2 Ke5 45.f3 g4 46.fxg4 Rf7 47.Kc3 a5 48.a4 Rf1 49.g5 Rf5 50.g4 Rxg5
51.Rg2 Ke4 52.Rg3 b6 53.Kc2 d4 54.exd4 Kxd4 55.Kd2 Ke4 56.Kc3 Rc5+ 57.Kb2 Rg5
58.Rc3 Rg6 59.Rc4+ Kd3 60.Ka3 Rg5 61.Rc6 b5 62.axb5 Rxb5 63.Rc4 Kd2 64.Ka4 Rg5
65.Rc8 Kd3 66.Ra8 Kc3 67.Rxa5 Rxg4+ 68.Ka3 Rg1 69.Rc5+ Kd4 70.b4 Ra1+ 71.Kb3 Rb1+
72.Ka4 Ra1+ 73.Kb5 Ra8 74.Rh5 Rb8+ 75.Ka4 Kc4 76.Rc5+ Kd4 77.Kb3 Ra8 78.Rh5 Rc8
79.b5 Rc5 80.Rh4+ Kd5 81.Kb4 Rc1 82.Rh6 Rb1+ 83.Ka5 Kc5 84.Rc6+ Kd5 85.Ka6 Rb2
86.Rh6 Kc5 87.b6 Ra2+ 88.Kb7 Rg2 89.Ka7 Kb5 90.b7 Ra2+ 91.Kb8 Rc2 92.Rh1 Rg2
93.Ra1  1-0

[Event "URS-ch U26"]
[Site "Tbilisi"]
[Date "1989.??.??"]
[Round "?"]
[White "Giorgadze, Giorgi"]
[Black "Shabalov, Alexander"]
[Result "1/2-1/2"]
[WhiteElo "2440"]
[BlackElo "2425"]

1.d4 d5 2.c4 c6 3.cxd5 cxd5 4.Nc3 Nc6 5.Nf3 Nf6 6.Bf4 Bf5 7.e3 e6 8.Bd3 Bxd3
9.Qxd3 Bd6 10.Bxd6 Qxd6 11.O-O O-O 12.Rac1 Rfc8 13.Nd2 Ne7 14.Ne2 Rxc1 15.Rxc1 Rc8  1/2-1/2

[Event "URS-ch U26"]
[Site "Tbilisi"]
[Date "1989.??.??"]
[Round "?"]
[White "Epishin, Vladimir"]
[Black "Shabalov, Alexander"]
[Result "1-0"]
[WhiteElo "2465"]
[BlackElo "2425"]

1.d4 d5 2.c4 c6 3.Nf3 Nf6 4.Qc2 g6 5.Bf4 Na6 6.e3 Bf5 7.Qb3 Bxb1 8.Qxb7 Qa5+
9.Nd2 Rd8 10.Qxc6+ Nd7 11.Qb5 Qxb5 12.cxb5 e5 13.dxe5 Nb4 14.Rxb1 Nxa2 15.Be2 Rc8
16.Nb3 Bb4+ 17.Kd1 Nc5 18.Nxc5 Bxc5 19.Bd3 Nb4 20.Ke2 Ke7 21.Bg5+ Ke6 22.Bf6 Rhe8
23.Rbc1 Rc7 24.Rhd1 Rb8 25.e4 dxe4 26.Bxe4 Rxb5 27.Rxc5  1-0

[Event "Berliner Sommer"]
[Site "Berlin"]
[Date "1990.??.??"]
[Round "?"]
[White "Shabalov, Alexander"]
[Black "Babic, Drasko"]
[Result "1-0"]
[WhiteElo "2465"]
[BlackElo "2330"]

1.e4 e5 2.Nf3 Nc6 3.Bb5 a6 4.Ba4 Nf6 5.O-O Be7 6.Bxc6 dxc6 7.Qe1 Nd7 8.b3 c5
9.Bb2 Bf6 10.a4 O-O 11.Nc3 Re8 12.Nd5 c6 13.Nxf6+ Qxf6 14.a5 Qd6 15.d3 Nf8
16.Ra4 Bg4 17.Qe3 Bxf3 18.Qxf3 Ne6 19.Qe3 Rab8 20.Rfa1 Nf4 21.g3 Qg6 22.Kf1 Nh3
23.Rc4 Re6 24.Kg2 Qh5 25.Rxc5 Rbe8 26.f4 Qh6 27.Qf3 f5 28.exf5  1-0

[Event "Groningen op"]
[Site "Groningen"]
[Date "1990.??.??"]
[Round "1"]
[White "Shabalov, Alexander"]
[Black "Cruz Lopez Claret, Carlos"]
[Result "1/2-1/2"]
[WhiteElo "2475"]
[BlackElo "2295"]

1.e4 e5 2.Nf3 Nc6 3.Bb5 f5 4.Nc3 fxe4 5.Nxe4 Nf6 6.Qe2 d5 7.Nxf6+ gxf6 8.d4 Bg7
9.dxe5 O-O 10.Bxc6 bxc6 11.e6 Re8 12.O-O Rxe6 13.Qd3 c5 14.Bf4 Ba6 15.Qf5 Qd7
16.Nh4 Bxf1 17.Rxf1 Rae8 18.h3 R6e7 19.Qh5 Re1 20.Nf5 Qf7 21.Qxf7+ Kxf7 22.Bxc7 R8e2
23.Ne3 d4 24.Ba5 dxe3 25.Bxe1 exf2+ 26.Bxf2 Rxc2 27.b3 f5 28.Re1 Bd4 29.Bxd4 cxd4
30.Rd1 Rxa2 31.Rxd4 Rb2 32.Rb4 Kf6 33.Kh2 Ke5 34.Kg3 a5 35.Rb5+ Ke4 36.Rxa5 f4+
37.Kh2 f3 38.Kg1 Rxg2+ 39.Kf1 Rb2 40.h4 Ke3 41.Re5+ Kf4 42.Re7 h5 43.Rg7 Rxb3
44.Rg5  1/2-1/2

[Event "Groningen op"]
[Site "Groningen"]
[Date "1990.??.??"]
[Round "2"]
[White "Daudzvardis, Janis"]
[Black "Shabalov, Alexander"]
[Result "1/2-1/2"]
[WhiteElo "2340"]
[BlackElo "2475"]

1.g3 Nf6 2.Bg2 d5 3.d4 Bf5 4.Bg5 Ne4 5.Be3 c5 6.f3 Nd6 7.c3 cxd4 8.Bxd4 Nc6
9.Bf2 e6 10.g4 Bg6 11.h4 h5 12.g5 Qc7 13.Na3 a6 14.Nc2 Nf5 15.e3 Ng3 16.Rh3 Bd6
17.Ne2 Nxe2 18.Qxe2 Ne5 19.Rd1 Qc4 20.e4 O-O-O 21.f4 Qxe2+ 22.Kxe2 Ng4 23.f5 exf5
24.exd5 Rhe8+ 25.Kf1 f4 26.Nd4 Bc5 27.b4 Ba7 28.c4 Be4 29.Bg1 Ne3+ 30.Bxe3 fxe3
31.Ne2 Bxg2+ 32.Kxg2 Re4 33.Rc1 Rg4+ 34.Kf3 f6 35.gxf6 Rd6 36.c5 Rxd5 37.fxg7 Rxg7
38.Ke4 Rd2 39.Rxe3 Rxa2 40.Rf1 Re7+ 41.Kf3 Rf7+ 42.Kg2 Rg7+ 43.Kh3 Rb2 44.Rf8+ Kd7
45.Ra8 Rxb4 46.Rxa7 Rgg4 47.Ra8 Rxh4+ 48.Kg3 Rhc4  1/2-1/2

[Event "Groningen op"]
[Site "Groningen"]
[Date "1990.??.??"]
[Round "4"]
[White "Steinbacher, Matthias"]
[Black "Shabalov, Alexander"]
[Result "0-1"]
[WhiteElo "2370"]
[BlackElo "2475"]

1.Nf3 d5 2.d4 c6 3.c4 Nf6 4.Nc3 e6 5.cxd5 exd5 6.Bg5 Be7 7.e3 Bf5 8.Bd3 Bxd3
9.Bxf6 Bxf6 10.Qxd3 a5 11.O-O O-O 12.Na4 Nd7 13.Rfc1 Be7 14.a3 Bd6 15.b4 axb4
16.axb4 Bxb4 17.Qb3 Qe7 18.Rcb1 b5 19.Qxb4 Qxb4 20.Rxb4 Nb6 21.Ne5 Rfc8 22.Kf1 Rxa4
23.Rbxa4 Nxa4 24.Rc1 c5 25.dxc5 Rxc5 26.Rxc5 Nxc5 27.Nc6 Kf8 28.Ke2 Ke8 29.Nb4 Kd7
30.Nxd5 Kd6 31.Nb4 Nd7 32.Kd2 Ne5 33.Kc3 h5 34.h3 h4 35.Nc2 Kc5 36.Nb4 g6
37.Na6+ Kb6 38.Nb4 Kc5 39.Na6+ Kd5 40.Nc7+ Kc6 41.Na6 g5 42.Nb4+ Kc5 43.Na6+ Kd6
44.Nb4 Nc6 45.Nd3 Kd5 46.f3 f5 47.Nf2 b4+ 48.Kb3 Kc5 49.Nd3+ Kb5 50.e4 f4
51.e5 Nd4+ 52.Kb2 Kc4 53.Nf2 Kd5 54.Ne4 Kxe5 55.Nxg5 Kd5 56.Nf7 Nf5 57.Kb3 Ne3
58.Kxb4 Kd4 59.Nh8 Nxg2 60.Ng6 Ke3 61.Kc3 Kxf3 62.Kd2 Kg3  0-1